Countries where the biggest city is not the capital - Statistics

General Stats
  • This quiz has been taken 18 times
  • The average score is 24 of 36
Answer Stats
Biggest city Answer % Correct
Sydney Australia
100%
Belize City Belize
100%
Toronto Canada
100%
New York City United States
100%
Sao Paulo Brazil
94%
Shanghai China
94%
Quito/Guayaquil * Ecuador
94%
Mumbai India
94%
Lagos Nigeria
94%
Johannesburg South Africa
94%
Dubai United Arab Emirates
94%
Ho Chi Minh city Vietnam
94%
Auckland New Zealand
89%
Karachi Pakistan
89%
Colombo # Sri Lanka
89%
Zurich Switzerland
89%
Istanbul Turkey
89%
Casablanca Morocco
83%
Almaty Kazakhstan
78%
Dar es Salaam Tanzania
72%
Yangon Myanmar
67%
Santa Cruz de la Sierra Bolivia
56%
Bujumbura Burundi
50%
Douala Cameroon
50%
Cotonou @ Benin
44%
Schaan # Liechtenstein
44%
Manzini Eswatini
39%
Quezon City # Phillippines
39%
Nasinu Fiji
33%
Bata Equatorial Guinea
28%
Koror Palau
28%
Omdurman # Sudan
28%
Serekunda The Gambia
28%
Abidjan Cote d'Ivore
17%
Weno F.S. Micronesia
17%
Dogana San Marino
11%
No matching quizzes found
Score Distribution
Percent of People with Each Score
Percentile by Number Answered
Your Score History
You have not taken this quiz